The effects of noise masking and required accuracy on speech errors, disfluencies, and self-repairs (Record no. 67193)
[ view plain ]
| 000 -CABECERA | |
|---|---|
| campo de control de longitud fija | 00668nam a2200217 a 4500 |
| 005 - FECHA Y HORA DE LA ÚLTIMA TRANSACCIÓN | |
| campo de control | 20210219153043.0 |
| 008 - ELEMENTOS DE LONGITUD FIJA--INFORMACIÓN GENERAL | |
| campo de control de longitud fija | 991125n 000 0 u |
| 035 ## - NÚMERO DE CONTROL DEL SISTEMA | |
| Número de control de sistema | UPN01000074872 |
| 100 ## - ASIENTO PRINCIPAL--NOMBRE PERSONAL | |
| Nombre de persona | Postma, Albert |
| 222 ## - TÍTULO CLAVE | |
| Título clave | JOURNAL OF SPEECH, LANGUAGE, AND HEARING RESEARCH |
| 245 ## - MENCIÓN DE TÍTULO | |
| Título | The effects of noise masking and required accuracy on speech errors, disfluencies, and self-repairs |
| 300 ## - DESCRIPCIÓN FÍSICA | |
| Extensión | 537-544 |
| 362 ## - FECHAS DE PUBLICACIÓN Y/O DESIGNACIÓN SECUENCIAL | |
| Fecha de publicación y/o designación secuencial | 35, No. 3, 1992 |
| 505 ## - NOTA DE CONTENIDO CON FORMATO PREESTABLECIDO | |
| Nota de contenido con formato | Enero 1993 |
| 653 0# - TERMINO DE INDIZACION - NO CONTROLADO | |
| Término no controlado | ANALISIS DEL ERROR (LENGUAJE) |
| 653 0# - TERMINO DE INDIZACION - NO CONTROLADO | |
| Término no controlado | COMUNICACION HABLADA |
| 653 0# - TERMINO DE INDIZACION - NO CONTROLADO | |
| Término no controlado | TRASTORNOS DEL LENGUAJE |
| 700 ## - ASIENTO SECUNDARIO--NOMBRE DE PERSONAL | |
| Nombre de persona | Kolk, Herman |
| 904 ## - ELEMENTOS DE DATOS D LOCAL, LDD (RLIN) | |
| a | AC |
| b | 012683 |
| 905 ## - TIPO DE MATERIAL | |
| Tipo de material | Articulo |
No items available.
